000 006790000a22002290004500
001 91
003 CO-MdFUSB
005 20160528101225.0
008 160528t2002 flubcedf |||| 00| 0 spa d
040 _aCO-MdFUSB
_bEspaƱol
_cCO-MdFUSB
_dCO-MdFUSB
041 0 _aspa
082 0 4 _aR 220.546 S67847b
245 1 0 _aBiblia de Estudio
_b : N.V.I.
_c / Luciano Jaramillo, Editor general; Athala Jaramillo, Editor asistente
264 _aMiami, FL., USA
_b : Vida
_c2002
300 _a2339 Pag.
336 _2rdacontent
_a1
_ba1
337 _2rdamedia
_a2
_b5
338 _2rdacarrier
_a2
_b5
505 _aBiblia de Estudio
653 _aBIBLIA
_a \ VERSIONES DE LA BIBLIA
942 _cBK
999 _c31642
_d31642